[Event "Porto San Giorgio op 28th"]
[Site "Porto San Giorgio"]
[Date "2018.08.26"]
[Round "3"]
[White "Ciriolo, Lorenzo"]
[Black "Calabrese, Claudio"]
[Result "1/2-1/2"]
[WhiteElo "1924"]
[BlackElo "2004"]
[PlyCount "73"]
[EventDate "2018.08.24"]
[EventType "swiss"]
[EventRounds "9"]
[EventCountry "ITA"]
[SourceTitle "CBM 186 Extra"]
[Source "ChessBase"]
[SourceDate "2018.08.24"]
[SourceVersion "1"]
[SourceVersionDate "2018.08.24"]
[SourceQuality "1"]

1. e4 e6 2. d4 d5 3. Nd2 dxe4 4. Nxe4 Nd7 5. Nf3 Ngf6 6. Nxf6+ Nxf6 7. Bd3 c5 8. dxc5 Bxc5 9. Qe2 Qc7 10. 0-0 0-0 11. Bg5 b6 12. Rad1 Bb7 13. Bxf6 gxf6 14. Be4 Rfd8 15. Bxb7 Qxb7 16. h3 Rac8 17. c3 Qc7 18. Nd4 Bxd4 19. Qg4+ Kf8 20. Rxd4 Rxd4 21. Qxd4 Qd8 22. Rd1 Qxd4 23. Rxd4 Ke7 24. Kf1 Rc5 25. Ra4 a5 26. Rh4 b5 27. g3 Rd5 28. Rxh7 Rd2 29. b4 axb4 30. cxb4 Rxa2 31. Rh8 Rb2 32. h4 Rxb4 33. h5 Rg4 34. h6 Rg5 35. Kg2 Rh5 36. g4 Rh4 37. Kg3 1/2-1/2

[Event "Porto San Giorgio op 28th"]
[Site "Porto San Giorgio"]
[Date "2018.08.26"]
[Round "4"]
[White "Marzano, Carlo"]
[Black "Ciriolo, Lorenzo"]
[Result "1-0"]
[WhiteElo "2236"]
[BlackElo "1924"]
[PlyCount "101"]
[EventDate "2018.08.24"]
[EventType "swiss"]
[EventRounds "9"]
[EventCountry "ITA"]
[SourceTitle "CBM 186 Extra"]
[Source "ChessBase"]
[SourceDate "2018.08.24"]
[SourceVersion "1"]
[SourceVersionDate "2018.08.24"]
[SourceQuality "1"]

1. d4 Nf6 2. c4 e6 3. Nf3 Bb4+ 4. Nbd2 0-0 5. a3 Bxd2+ 6. Bxd2 d6 7. Qc2 a5 8. e4 e5 9. dxe5 dxe5 10. Nxe5 Qd4 11. Nf3 Qxe4+ 12. Qxe4 Nxe4 13. Be3 Nc6 14. Be2 Be6 15. 0-0 h6 16. Rfd1 Rfe8 17. Kf1 Nf6 18. Nd4 Nxd4 19. Rxd4 Rad8 20. Rad1 Rxd4 21. Rxd4 Re7 22. Bf3 c6 23. Be2 Rd7 24. Ke1 Rxd4 25. Bxd4 Kf8 26. f3 Nd7 27. Kd2 f6 28. Kc3 Ke7 29. f4 Kd6 30. Bf3 b6 31. g4 Nc5 32. b4 axb4+ 33. axb4 Nd7 34. h4 Bf7 35. h5 c5 36. Be3 Nb8 37. g5 Nc6 38. bxc5+ bxc5 39. gxh6 gxh6 40. f5 Na5 41. Bf4+ Kd7 42. Be2 Nc6 43. Bxh6 Nd4 44. Bg4 Nc6 45. Bf8 Bxc4 46. h6 Bg8 47. Bh5 Nd4 48. Bg6 Kc6 49. Be7 Kd5 50. Bf7+ Ke5 51. Bxg8 1-0